[Event "Quebec op U2300"]
[Site "Montreal CAN"]
[Date "2007.07.24"]
[Round "5"]
[White "Voloaca, Mihnea"]
[Black "Robichaud, Louis"]
[Result "1/2-1/2"]
[WhiteElo "2267"]
[BlackElo "2088"]
[PlyCount "57"]
[GameId "2160767910576372"]
[EventDate "2007.07.20"]
[EventType "swiss"]
[EventRounds "9"]
[EventCountry "CAN"]
[SourceTitle "EXT 2022"]
[Source "ChessBase"]
[SourceDate "2021.10.06"]
[SourceVersion "1"]
[SourceVersionDate "2021.10.06"]
[SourceQuality "1"]

1. d4 Nf6 2. c4 g6 3. Nc3 Bg7 4. Nf3 O-O 5. Bg5 h6 6. Bh4 d6 7. e3 g5 8. Bg3 Nh5 9. Bd3 f5 10. Nd2 Nf6 11. Qe2 Nc6 12. d5 Nb4 13. Bb1 e5 14. dxe6 Bxe6 15. O-O Qd7 16. Rd1 Rad8 17. a3 Nc6 18. Qd3 Ng4 19. Nf3 Nge5 20. Bxe5 Nxe5 21. Nxe5 Bxe5 22. c5 Qf7 23. cxd6 Bxd6 24. Ba2 Bxa2 25. Nxa2 f4 26. exf4 Qxf4 27. Qg6+ Kh8 28. Qxh6+ Kg8 29. Qg6+ 1/2-1/2

[Event "Quebec op U2300"]
[Site "Montreal CAN"]
[Date "2007.07.25"]
[Round "6"]
[White "Beaudry, Marc-Andre"]
[Black "MacKinnon, Keith"]
[Result "1-0"]
[WhiteElo "2055"]
[BlackElo "1914"]
[PlyCount "49"]
[GameId "2160767910576373"]
[EventDate "2007.07.20"]
[EventType "swiss"]
[EventRounds "9"]
[EventCountry "CAN"]
[SourceTitle "EXT 2022"]
[Source "ChessBase"]
[SourceDate "2021.10.06"]
[SourceVersion "1"]
[SourceVersionDate "2021.10.06"]
[SourceQuality "1"]

1. c4 Nf6 2. Nc3 g6 3. e4 d6 4. d4 Bg7 5. Be2 O-O 6. Bg5 Nbd7 7. Qd2 e5 8. d5 a5 9. Bd3 Nc5 10. Bc2 b6 11. Nge2 Ba6 12. b3 Qd7 13. f3 Ne8 14. g4 f5 15. gxf5 gxf5 16. exf5 Rxf5 17. Bxf5 Qxf5 18. O-O-O Qxf3 19. Rdf1 Qh5 20. Ng3 Qh3 21. Nf5 Bc8 22. Nh6+ Kh8 23. Rf7 e4 24. Rhf1 Nd7 25. Nxe4 1-0

[Event "Quebec op U2300"]
[Site "Montreal CAN"]
[Date "2007.07.25"]
[Round "6"]
[White "Benoit-Deschamps, Jean-Marc"]
[Black "Pitre, Francois"]
[Result "1-0"]
[WhiteElo "2101"]
[BlackElo "2028"]
[PlyCount "61"]
[GameId "2160767910576374"]
[EventDate "2007.07.20"]
[EventType "swiss"]
[EventRounds "9"]
[EventCountry "CAN"]
[SourceTitle "EXT 2022"]
[Source "ChessBase"]
[SourceDate "2021.10.06"]
[SourceVersion "1"]
[SourceVersionDate "2021.10.06"]
[SourceQuality "1"]

1. d4 d5 2. c4 e6 3. Nc3 Nf6 4. cxd5 exd5 5. Bg5 Nbd7 6. e3 c6 7. Bd3 Be7 8. Qc2 O-O 9. Nf3 Re8 10. O-O Nf8 11. h3 Ne4 12. Bf4 Nd6 13. b3 Be6 14. Na4 f6 15. Nc5 Bc8 16. b4 Ne4 17. a3 Nxc5 18. bxc5 b5 19. cxb6 axb6 20. Qxc6 Rxa3 21. Bb5 Bd7 22. Qxd5+ Kh8 23. Rxa3 Bxa3 24. Ra1 Bxb5 25. Qxb5 Be7 26. Ra6 Nd7 27. Ra7 Nf8 28. Rb7 Ne6 29. Rb8 Nxf4 30. Rxd8 Nxh3+ 31. gxh3 1-0

[Event "Quebec op U2300"]
[Site "Montreal CAN"]
[Date "2007.07.25"]
[Round "6"]
[White "Bolvary, Tamara"]
[Black "Libersan, Thierry"]
[Result "0-1"]
[WhiteElo "2023"]
[BlackElo "2166"]
[PlyCount "70"]
[GameId "2160767910576375"]
[EventDate "2007.07.20"]
[EventType "swiss"]
[EventRounds "9"]
[EventCountry "CAN"]
[SourceTitle "EXT 2022"]
[Source "ChessBase"]
[SourceDate "2021.10.06"]
[SourceVersion "1"]
[SourceVersionDate "2021.10.06"]
[SourceQuality "1"]

1. c4 Nf6 2. g3 g6 3. Bg2 Bg7 4. Nc3 O-O 5. d3 d6 6. e4 c5 7. Nge2 Nc6 8. O-O Rb8 9. h3 a6 10. a4 Ne8 11. Be3 Nd4 12. Rb1 Nc7 13. b4 b5 14. bxc5 dxc5 15. axb5 axb5 16. Bxd4 cxd4 17. Nxb5 Nxb5 18. Rxb5 Rxb5 19. cxb5 Bd7 20. Qa4 Qb6 21. Rb1 Rb8 22. f4 e5 23. fxe5 Bxe5 24. Nf4 Bxb5 25. Qa3 Qc7 26. Rc1 Qd6 27. Qa7 Rf8 28. Rc5 Bxf4 29. gxf4 Bxd3 30. e5 Qb8 31. Qe7 Bf5 32. Bd5 Qb1+ 33. Kf2 Qb2+ 34. Kg3 Qa3+ 35. Kf2 Qe3+ 0-1

[Event "Quebec op U2300"]
[Site "Montreal CAN"]
[Date "2007.07.25"]
[Round "6"]
[White "Houska, Jiri"]
[Black "Drolet, Stephane"]
[Result "1/2-1/2"]
[WhiteElo "2041"]
[BlackElo "2149"]
[PlyCount "75"]
[GameId "2160767910576376"]
[EventDate "2007.07.20"]
[EventType "swiss"]
[EventRounds "9"]
[EventCountry "CAN"]
[SourceTitle "EXT 2022"]
[Source "ChessBase"]
[SourceDate "2021.10.06"]
[SourceVersion "1"]
[SourceVersionDate "2021.10.06"]
[SourceQuality "1"]

1. e4 e6 2. d4 d5 3. Nd2 Nc6 4. Ngf3 Nf6 5. e5 Nd7 6. Bb5 a5 7. O-O Na7 8. Bd3 c5 9. c4 cxd4 10. cxd5 Nc5 11. dxe6 Bxe6 12. Nb3 Nxb3 13. axb3 Be7 14. b4 Nc6 15. bxa5 Rxa5 16. Rxa5 Qxa5 17. Bg5 h6 18. Bxe7 Kxe7 19. Qe2 Bg4 20. b4 Bxf3 21. Qxf3 Qxe5 22. Bc4 Rf8 23. b5 Nd8 24. Qd1 Ne6 25. Re1 Qf6 26. Qa4 Qf4 27. Bd5 Rb8 28. Rd1 Qe5 29. Bxe6 fxe6 30. Qa7 d3 31. g3 Rd8 32. Qxb7+ Rd7 33. Qc6 d2 34. Kg2 Rd6 35. Qc2 Qd5+ 36. Kg1 Qe5 37. b6 Rxb6 38. Qxd2 1/2-1/2

[Event "Quebec op U2300"]
[Site "Montreal CAN"]
[Date "2007.07.25"]
[Round "6"]
[White "Larochelle, Martial"]
[Black "Voloaca, Mihnea"]
[Result "0-1"]
[WhiteElo "2231"]
[BlackElo "2267"]
[PlyCount "56"]
[GameId "2160767910576378"]
[EventDate "2007.07.20"]
[EventType "swiss"]
[EventRounds "9"]
[EventCountry "CAN"]
[SourceTitle "EXT 2022"]
[Source "ChessBase"]
[SourceDate "2021.10.06"]
[SourceVersion "1"]
[SourceVersionDate "2021.10.06"]
[SourceQuality "1"]

1. Nf3 d5 2. d4 Nf6 3. c4 e6 4. Nc3 Be7 5. Bg5 h6 6. Bh4 O-O 7. e3 b6 8. Rc1 Bb7 9. Bxf6 Bxf6 10. cxd5 exd5 11. b4 c6 12. Be2 a5 13. a3 Nd7 14. O-O Re8 15. b5 c5 16. dxc5 Nxc5 17. Nd4 Qd6 18. Bf3 Ne4 19. Nde2 Qxa3 20. Nxd5 Bxd5 21. Qxd5 Rad8 22. Qb7 Nd2 23. Bc6 Rb8 24. Qa7 Nxf1 25. Bxe8 Rxe8 26. Rxf1 Qd3 27. Nd4 Bxd4 28. Qd7 Rxe3 0-1

[Event "Quebec op U2300"]
[Site "Montreal CAN"]
[Date "2007.07.25"]
[Round "6"]
[White "Robichaud, Louis"]
[Black "Tessier, Olivier"]
[Result "1-0"]
[WhiteElo "2088"]
[BlackElo "2218"]
[PlyCount "82"]
[GameId "2160767910576380"]
[EventDate "2007.07.20"]
[EventType "swiss"]
[EventRounds "9"]
[EventCountry "CAN"]
[SourceTitle "EXT 2022"]
[Source "ChessBase"]
[SourceDate "2021.10.06"]
[SourceVersion "1"]
[SourceVersionDate "2021.10.06"]
[SourceQuality "1"]

1. e4 c5 2. Nc3 Nc6 3. g3 g6 4. Bg2 Bg7 5. d3 d6 6. f4 e6 7. Nf3 Nge7 8. O-O O-O 9. Be3 Nd4 10. e5 Bd7 11. Ne4 Nef5 12. Bf2 Nxf3+ 13. Bxf3 dxe5 14. fxe5 Bxe5 15. Nxc5 Bc6 16. Bxc6 bxc6 17. c3 Qd5 18. Qe2 Ng7 19. Rae1 Bc7 20. c4 Qd8 21. Qf3 Bb6 22. Qxc6 Rc8 23. Qb5 Nf5 24. Nd7 Nd4 25. Qa4 Nf3+ 26. Kg2 Nxe1+ 27. Bxe1 Rc7 28. Nxf8 Qxf8 29. Kh3 Rc5 30. g4 h5 31. Qc2 hxg4+ 32. Kxg4 Qd8 33. d4 Rh5 34. c5 f5+ 35. Kf3 Qa8+ 36. c6 g5 37. Qc4 Qc8 38. d5 Bc7 39. dxe6 g4+ 40. Kg2 Rxh2+ 41. Kg1 Rh7 1-0

[Event "Quebec op U2300"]
[Site "Montreal CAN"]
[Date "2007.07.25"]
[Round "6"]
[White "Trahan, Daniel"]
[Black "Le Duin, Thierry"]
[Result "1-0"]
[WhiteElo "2109"]
[BlackElo "2046"]
[PlyCount "61"]
[GameId "2160767910576381"]
[EventDate "2007.07.20"]
[EventType "swiss"]
[EventRounds "9"]
[EventCountry "CAN"]
[SourceTitle "EXT 2022"]
[Source "ChessBase"]
[SourceDate "2021.10.06"]
[SourceVersion "1"]
[SourceVersionDate "2021.10.06"]
[SourceQuality "1"]

1. d4 Nf6 2. c4 c5 3. d5 b5 4. cxb5 a6 5. b6 Qxb6 6. Nc3 d6 7. Nf3 g6 8. Nd2 Bg7 9. e4 O-O 10. Be2 Bd7 11. O-O Bb5 12. Qb3 Nbd7 13. Nxb5 axb5 14. Bxb5 Rfb8 15. a4 Ne5 16. Ra3 Qa7 17. Qc2 Rc8 18. f4 c4+ 19. Kh1 Neg4 20. Nxc4 Qd4 21. h3 Nh6 22. Re1 Rf8 23. Rd3 Qc5 24. Be3 Qc7 25. Bd4 Ne8 26. Bxg7 Nxg7 27. g4 f5 28. gxf5 gxf5 29. e5 dxe5 30. Bc6 e4 31. Rg3 1-0

[Event "Quebec op U2300"]
[Site "Montreal CAN"]
[Date "2007.07.25"]
[Round "6"]
[White "Voskanyan, Vahagn"]
[Black "Hagesaether, Arne"]
[Result "1-0"]
[WhiteElo "2278"]
[BlackElo "2148"]
[PlyCount "96"]
[GameId "2160767910576382"]
[EventDate "2007.07.20"]
[EventType "swiss"]
[EventRounds "9"]
[EventCountry "CAN"]
[SourceTitle "EXT 2022"]
[Source "ChessBase"]
[SourceDate "2021.10.06"]
[SourceVersion "1"]
[SourceVersionDate "2021.10.06"]
[SourceQuality "1"]

1. e4 c6 2. d4 d5 3. exd5 cxd5 4. Bd3 Nf6 5. c3 g6 6. Bf4 Bg7 7. Nf3 Nc6 8. O-O O-O 9. Re1 a6 10. Nbd2 b5 11. Ne5 Nxe5 12. Bxe5 Qb6 13. Nb3 b4 14. Qf3 bxc3 15. bxc3 Ra7 16. Rab1 Ne4 17. Bxg7 Kxg7 18. Nc5 Qa5 19. Nxe4 dxe4 20. Bxe4 Rc7 21. Rec1 Qxa2 22. h4 Rd8 23. h5 Rd6 24. Qg3 Qa5 25. d5 Rf6 26. c4 Rc5 27. Qe5 Rc7 28. Bf3 Qc5 29. Rb2 a5 30. Rb5 Qa3 31. Ra1 Qd6 32. Qd4 e5 33. Qc3 Ba6 34. c5 Bxb5 35. h6+ Kf8 36. c6 a4 37. Rb1 Ba6 38. Rb8+ Rc8 39. Rb6 e4 40. Bxe4 Qf4 41. Bf3 Be2 42. Rb4 Qf5 43. Qc5+ Kg8 44. Bxe2 a3 45. Bg4 Qe5 46. Ra4 Rb8 47. g3 Rxf2 48. Qxf2 f5 1-0

[Event "Quebec op U2300"]
[Site "Montreal CAN"]
[Date "2007.07.26"]
[Round "7"]
[White "Drolet, Stephane"]
[Black "Wilkin, Alain"]
[Result "1-0"]
[WhiteElo "2149"]
[BlackElo "1913"]
[PlyCount "136"]
[GameId "2160767910576383"]
[EventDate "2007.07.20"]
[EventType "swiss"]
[EventRounds "9"]
[EventCountry "CAN"]
[SourceTitle "EXT 2022"]
[Source "ChessBase"]
[SourceDate "2021.10.06"]
[SourceVersion "1"]
[SourceVersionDate "2021.10.06"]
[SourceQuality "1"]

1. d4 Nf6 2. Nf3 g6 3. c4 d6 4. Nc3 Bg7 5. Bg5 h6 6. Bh4 g5 7. Bg3 Nh5 8. e3 Nxg3 9. hxg3 c6 10. Be2 Bf5 11. O-O Nd7 12. Rc1 O-O 13. b4 e5 14. b5 Bg6 15. g4 e4 16. Nd2 Re8 17. bxc6 bxc6 18. Nb3 Nf6 19. Rb1 Rb8 20. Qd2 Qd7 21. Na5 Qc7 22. Rxb8 Rxb8 23. Rb1 Rxb1+ 24. Nxb1 Nd7 25. Nb3 Qb6 26. Qa5 Bf6 27. Nc3 Bd8 28. Qa4 Nf6 29. Qa3 Qb8 30. Qa6 Qb6 31. Qc8 Qc7 32. Qa8 Kg7 33. d5 cxd5 34. Nxd5 Nxd5 35. Qxd5 Kg8 36. Nd4 Qb6 37. Nb3 Kh7 38. Bd1 Bf6 39. Bc2 Qb4 40. Qd2 Bc3 41. Qd5 Be5 42. Kf1 Qc3 43. Bxe4 Bxe4 44. Qxe4+ Kg7 45. g3 Qb4 46. Qd5 Bc3 47. Kg2 a5 48. Qb5 Qa3 49. c5 dxc5 50. Qxc5 Qxc5 51. Nxc5 Bb4 52. Nd3 Bc3 53. Kf3 Kf6 54. Ke4 Ke6 55. f4 f6 56. Nc1 Be1 57. Ne2 Kf7 58. Kd5 Bd2 59. e4 Be1 60. a4 Bd2 61. e5 fxe5 62. fxe5 Be1 63. e6+ Ke8 64. Nd4 Bxg3 65. Nf5 Bf4 66. Nxh6 Bd2 67. Nf5 Bf4 68. Kc6 Be5 1-0

[Event "Quebec op U2300"]
[Site "Montreal CAN"]
[Date "2007.07.26"]
[Round "7"]
[White "Ghannoum, Antoine"]
[Black "Luksza, Arkadiusz"]
[Result "1-0"]
[WhiteElo "1515"]
[BlackElo "2239"]
[PlyCount "54"]
[GameId "2160767910576384"]
[EventDate "2007.07.20"]
[EventType "swiss"]
[EventRounds "9"]
[EventCountry "CAN"]
[SourceTitle "EXT 2022"]
[Source "ChessBase"]
[SourceDate "2021.10.06"]
[SourceVersion "1"]
[SourceVersionDate "2021.10.06"]
[SourceQuality "1"]

1. Nf3 Nf6 2. d4 e6 3. Bf4 d5 4. e3 Be7 5. Bd3 Nbd7 6. Nbd2 c6 7. Rc1 O-O 8. c3 c5 9. Bb1 b6 10. O-O Bb7 11. Re1 Ne4 12. Nxe4 dxe4 13. Nd2 f5 14. h3 Kh8 15. Nc4 Nf6 16. Ne5 Rc8 17. Qe2 Qe8 18. a3 Nd5 19. Bh2 Bg5 20. c4 Ne7 21. Red1 cxd4 22. Rxd4 Bf6 23. Rd6 Nc6 24. Nd7 Rg8 25. Rcd1 Be7 26. R6d2 Rd8 27. Ne5 Rxd2 1-0

[Event "Quebec op U2300"]
[Site "Montreal CAN"]
[Date "2007.07.26"]
[Round "7"]
[White "Larochelle, Martial"]
[Black "Ramaswamy, Kishor"]
[Result "0-1"]
[WhiteElo "2231"]
[BlackElo "2129"]
[PlyCount "70"]
[GameId "2160767910576385"]
[EventDate "2007.07.20"]
[EventType "swiss"]
[EventRounds "9"]
[EventCountry "CAN"]
[SourceTitle "EXT 2022"]
[Source "ChessBase"]
[SourceDate "2021.10.06"]
[SourceVersion "1"]
[SourceVersionDate "2021.10.06"]
[SourceQuality "1"]

1. d4 d5 2. c4 e6 3. Nc3 Nf6 4. Bg5 Nbd7 5. Nf3 c6 6. cxd5 exd5 7. e3 Be7 8. Qc2 Nh5 9. Bxe7 Qxe7 10. Be2 g6 11. O-O Nb6 12. Bd3 Nf6 13. Rab1 O-O 14. Nd2 Be6 15. Ne2 Ne8 16. Rbe1 Nd6 17. Ng3 Nd7 18. a3 Rac8 19. b4 b6 20. Rc1 Nb7 21. Ba6 Nb8 22. Bxb7 Qxb7 23. Nb3 Qe7 24. Rfd1 h5 25. h3 h4 26. Nf1 Bf5 27. Qe2 Nd7 28. Nfd2 g5 29. f3 Rfe8 30. Re1 c5 31. dxc5 bxc5 32. Qa6 Nb8 33. Qh6 Rc6 34. Qh5 Bg6 35. Qg4 f5 0-1

[Event "Quebec op U2300"]
[Site "Montreal CAN"]
[Date "2007.07.26"]
[Round "7"]
[White "Libersan, Thierry"]
[Black "Beaudry, Marc-Andre"]
[Result "1-0"]
[WhiteElo "2166"]
[BlackElo "2055"]
[PlyCount "65"]
[GameId "2160767910576386"]
[EventDate "2007.07.20"]
[EventType "swiss"]
[EventRounds "9"]
[EventCountry "CAN"]
[SourceTitle "EXT 2022"]
[Source "ChessBase"]
[SourceDate "2021.10.06"]
[SourceVersion "1"]
[SourceVersionDate "2021.10.06"]
[SourceQuality "1"]

1. Nf3 c5 2. c4 b6 3. g3 Bb7 4. Bg2 Nf6 5. O-O e6 6. Nc3 a6 7. Re1 d6 8. e4 Nbd7 9. d4 cxd4 10. Nxd4 Qc7 11. b3 b5 12. Nd5 exd5 13. exd5+ Kd8 14. cxb5 Nb6 15. Bg5 Be7 16. Rc1 Qd7 17. Nc6+ Bxc6 18. dxc6 Qc7 19. a4 axb5 20. axb5 Re8 21. Qd4 h6 22. Be3 Rb8 23. Ra1 Nc8 24. Qc4 Bf8 25. Ra6 Re5 26. Bh3 Nd5 27. Bd2 Ncb6 28. Qd3 Rxe1+ 29. Bxe1 Ne7 30. Ba5 Nxc6 31. bxc6 Qxc6 32. Rxb6 Rxb6 33. Qa6 1-0

[Event "Quebec op U2300"]
[Site "Montreal CAN"]
[Date "2007.07.26"]
[Round "7"]
[White "Malveau, Cedric"]
[Black "Gilbert, Erick"]
[Result "1-0"]
[WhiteElo "1982"]
[BlackElo "1813"]
[PlyCount "109"]
[GameId "2160767910576387"]
[EventDate "2007.07.20"]
[EventType "swiss"]
[EventRounds "9"]
[EventCountry "CAN"]
[SourceTitle "EXT 2022"]
[Source "ChessBase"]
[SourceDate "2021.10.06"]
[SourceVersion "1"]
[SourceVersionDate "2021.10.06"]
[SourceQuality "1"]

1. e4 c5 2. Nc3 Nc6 3. g3 d6 4. Bg2 g6 5. d3 Nf6 6. h3 Bd7 7. Be3 Bg7 8. Qd2 Nd4 9. Nd1 e5 10. c3 Ne6 11. Bh6 Bc6 12. Bxg7 Nxg7 13. c4 Ne6 14. Ne2 Nd4 15. Nxd4 cxd4 16. b4 b5 17. cxb5 Bxb5 18. a4 Ba6 19. O-O O-O 20. Nb2 Rc8 21. Rfc1 d5 22. Rxc8 Bxc8 23. Rc1 dxe4 24. dxe4 Bb7 25. f3 Nh5 26. Kh2 Qd7 27. Nd3 Qe7 28. Rc5 f6 29. Qc1 Rd8 30. h4 Ng7 31. Bh3 Ne8 32. b5 Rd6 33. a5 Rd8 34. Qc4+ Kf8 35. b6 axb6 36. axb6 Qd6 37. Rc7 Nxc7 38. bxc7 Ra8 39. c8=Q+ Bxc8 40. Bxc8 Ra3 41. Bb7 Rc3 42. Qb5 Rc2+ 43. Kh3 Rc7 44. g4 h5 45. Bd5 hxg4+ 46. Kxg4 Qd7+ 47. Qxd7 Rxd7 48. f4 f5+ 49. Kg5 Rxd5 50. exd5 e4 51. Nf2 e3 52. Nd3 Ke7 53. Kxg6 Kd6 54. Kxf5 Kxd5 55. h5 1-0

[Event "Quebec op U2300"]
[Site "Montreal CAN"]
[Date "2007.07.26"]
[Round "7"]
[White "Robidas, Francois"]
[Black "Falardeau, Bruno"]
[Result "1-0"]
[WhiteElo "1996"]
[BlackElo "2049"]
[PlyCount "105"]
[GameId "2160767910576388"]
[EventDate "2007.07.20"]
[EventType "swiss"]
[EventRounds "9"]
[EventCountry "CAN"]
[SourceTitle "EXT 2022"]
[Source "ChessBase"]
[SourceDate "2021.10.06"]
[SourceVersion "1"]
[SourceVersionDate "2021.10.06"]
[SourceQuality "1"]

1. e4 Nf6 2. e5 Nd5 3. d4 d6 4. c4 Nb6 5. f4 dxe5 6. fxe5 e6 7. Nc3 Bb4 8. a3 Qh4+ 9. g3 Qe4+ 10. Kf2 Bxc3 11. bxc3 Nxc4 12. Bg2 Qf5+ 13. Nf3 Bd7 14. Bf4 Nb2 15. Qe2 Nd3+ 16. Ke3 Nxf4 17. gxf4 Qh5 18. c4 Bc6 19. Rhd1 g5 20. d5 gxf4+ 21. Kf2 Ba4 22. Rd4 Nd7 23. Rb1 Nc5 24. Qd2 Rg8 25. Rg1 O-O-O 26. Qa5 Nb3 27. Qxa7 Nxd4 28. Nxd4 Bd1 29. dxe6 Qh4+ 30. Kf1 Be2+ 31. Kxe2 f3+ 32. Bxf3 Qxh2+ 33. Kd3 Rxd4+ 34. Qxd4 Rd8 35. Bxb7+ Kxb7 36. Qxd8 Qxg1 37. Qd5+ c6 38. Qd7+ Kb6 39. Qd8+ Kb7 40. Qe7+ Kb6 41. Qxf7 Qd1+ 42. Ke3 Qc1+ 43. Ke4 Qxc4+ 44. Kf5 Qf1+ 45. Kg5 Qc1+ 46. Kf6 Qf4+ 47. Ke7 Qxe5 48. Kd7 Qd5+ 49. Kc8 c5 50. Qc7+ Ka6 51. e7 Qg8+ 52. Qd8 Qb3 53. Qd6+ 1-0

[Event "Quebec op U2300"]
[Site "Montreal CAN"]
[Date "2007.07.26"]
[Round "7"]
[White "Valley, Michel"]
[Black "Gilman, Arkadiy"]
[Result "0-1"]
[WhiteElo "2042"]
[BlackElo "2068"]
[PlyCount "103"]
[GameId "2160767910576389"]
[EventDate "2007.07.20"]
[EventType "swiss"]
[EventRounds "9"]
[EventCountry "CAN"]
[SourceTitle "EXT 2022"]
[Source "ChessBase"]
[SourceDate "2021.10.06"]
[SourceVersion "1"]
[SourceVersionDate "2021.10.06"]
[SourceQuality "1"]

1. e4 e6 2. d4 d5 3. Nc3 Nf6 4. Bg5 Bb4 5. e5 h6 6. Bxf6 gxf6 7. Nf3 Nc6 8. Bb5 Bd7 9. Bxc6 Bxc6 10. Qd2 f5 11. O-O-O Qd7 12. Qe3 Bb5 13. Nd2 O-O-O 14. a3 Be7 15. f4 a5 16. Nb3 b6 17. Nxb5 Qxb5 18. Qd3 Qc4 19. Nd2 Qc6 20. Rhe1 Rhg8 21. g3 Kb7 22. Re3 h5 23. Qe2 Rh8 24. Rc3 Qd7 25. h4 Rdg8 26. Qf2 Rg4 27. Nf3 Rhg8 28. Ng5 Bd8 29. Rdd3 Bxg5 30. hxg5 Rh8 31. Rd1 h4 32. gxh4 Rhxh4 33. Rf3 Qe8 34. Qe3 Qh8 35. b3 Rh2 36. Rdf1 Qh4 37. R3f2 Rgg2 38. Rxg2 Rxg2 39. Kb2 Qh2 40. Qc1 Rd2 41. Kc3 Re2 42. a4 Qg2 43. Qd1 Rxc2+ 44. Qxc2 Qxf1 45. Qd2 Qa1+ 46. Kd3 Qb1+ 47. Kc3 c5 48. dxc5 bxc5 49. Qh2 Qc1+ 50. Kd3 c4+ 51. bxc4 Qxc4+ 52. Ke3 0-1

[Event "Quebec op U2300"]
[Site "Montreal CAN"]
[Date "2007.07.26"]
[Round "7"]
[White "Voloaca, Mihnea"]
[Black "Hajiyev, Elshad"]
[Result "1-0"]
[WhiteElo "2267"]
[BlackElo "2050"]
[PlyCount "70"]
[GameId "2160767910576390"]
[EventDate "2007.07.20"]
[EventType "swiss"]
[EventRounds "9"]
[EventCountry "CAN"]
[SourceTitle "EXT 2022"]
[Source "ChessBase"]
[SourceDate "2021.10.06"]
[SourceVersion "1"]
[SourceVersionDate "2021.10.06"]
[SourceQuality "1"]

1. Nf3 Nf6 2. c4 g6 3. Nc3 Bg7 4. e4 d6 5. d4 O-O 6. Be2 e5 7. O-O Bg4 8. d5 Nbd7 9. h3 Bxf3 10. Bxf3 Ne8 11. Bd2 f5 12. b4 Ndf6 13. Qe2 f4 14. c5 g5 15. g4 Rf7 16. Rfc1 Bf8 17. cxd6 Bxd6 18. Nb5 Qd7 19. Bg2 h5 20. f3 Rh7 21. Qd3 Kf7 22. Be1 Kg6 23. Rc2 hxg4 24. hxg4 Nxg4 25. fxg4 Nf6 26. Nd4 Rah8 27. Nf5 Nxg4 28. Rac1 Rh2 29. Bf3 R2h3 30. Bxg4 Rh1+ 31. Kf2 R8h2+ 32. Kf3 Rh3+ 33. Ng3 Qxg4+ 34. Kxg4 Rh4+ 35. Kf3 g4+ 1-0

[Event "Quebec op U2300"]
[Site "Montreal CAN"]
[Date "2007.07.27"]
[Round "8"]
[White "Benoit-Deschamps, Jean-Marc"]
[Black "Trahan, Daniel"]
[Result "1-0"]
[WhiteElo "2101"]
[BlackElo "2109"]
[PlyCount "93"]
[GameId "2160767910576391"]
[EventDate "2007.07.20"]
[EventType "swiss"]
[EventRounds "9"]
[EventCountry "CAN"]
[SourceTitle "EXT 2022"]
[Source "ChessBase"]
[SourceDate "2021.10.06"]
[SourceVersion "1"]
[SourceVersionDate "2021.10.06"]
[SourceQuality "1"]

1. d4 Nf6 2. c4 e6 3. Nc3 Bb4 4. e3 O-O 5. Nge2 d5 6. cxd5 exd5 7. a3 Bd6 8. g3 c6 9. Qc2 Bg4 10. Bg2 Bh5 11. Nf4 Bxf4 12. gxf4 Qd7 13. Ne2 Bg6 14. Qd1 Na6 15. Ng3 Ne4 16. Bxe4 Bxe4 17. Nxe4 dxe4 18. h4 c5 19. Qc2 Qd5 20. Rg1 cxd4 21. Rg5 f5 22. exd4 e3 23. fxe3 Rac8 24. Qg2 Qd7 25. Rb1 Rc7 26. Bd2 Rc2 27. Qg1 Nc5 28. Kd1 Rxd2+ 29. Kxd2 Ne4+ 30. Ke1 Nxg5 31. hxg5 Qc6 32. Kd2 Qb5 33. Qc1 Qd5 34. Qc5 Qg2+ 35. Kc3 Re8 36. Re1 Qf2 37. Qc4+ Kh8 38. Qe2 Qg3 39. Kb3 h6 40. gxh6 gxh6 41. Ka2 Kg7 42. Qd2 Qf3 43. d5 Rd8 44. d6 Qe4 45. Qc3+ Kg6 46. Rg1+ Kh5 47. Qd2 1-0

[Event "Quebec op U2300"]
[Site "Montreal CAN"]
[Date "2007.07.27"]
[Round "8"]
[White "Bolvary, Tamara"]
[Black "Ghannoum, Antoine"]
[Result "1/2-1/2"]
[WhiteElo "2023"]
[BlackElo "1515"]
[PlyCount "136"]
[GameId "2160767910576392"]
[EventDate "2007.07.20"]
[EventType "swiss"]
[EventRounds "9"]
[EventCountry "CAN"]
[SourceTitle "EXT 2022"]
[Source "ChessBase"]
[SourceDate "2021.10.06"]
[SourceVersion "1"]
[SourceVersionDate "2021.10.06"]
[SourceQuality "1"]

1. c4 Nf6 2. g3 g6 3. Bg2 d5 4. cxd5 Nxd5 5. Nc3 Nxc3 6. bxc3 Bg7 7. Rb1 c6 8. Nf3 Na6 9. O-O O-O 10. c4 Qa5 11. a3 Rd8 12. d3 Nc5 13. Rb4 Bc3 14. Rb1 Bf5 15. Nh4 Bg4 16. Qc2 Rab8 17. h3 Bd7 18. Nf3 Bf6 19. Bb2 Bxb2 20. Qxb2 Ne6 21. Ne5 Qc7 22. Ng4 f6 23. d4 Ng5 24. f4 Nf7 25. e3 Kg7 26. Nf2 Nd6 27. Qc3 Be6 28. c5 Nf5 29. Ne4 Bd5 30. Qe1 Bxe4 31. Bxe4 e6 32. g4 Ne7 33. Qf2 f5 34. Bg2 b5 35. cxb6 axb6 36. Rfc1 Qd6 37. Rb3 c5 38. dxc5 bxc5 39. Qb2+ Kg8 40. Rb1 Rxb3 41. Qxb3 Nd5 42. g5 c4 43. Qxc4 Qxa3 44. Rb3 Qa5 45. Qc6 Kf7 46. Kh2 Qd2 47. Rb7+ Ne7 48. Qc7 Qd6 49. Qc3 Kg8 50. Qf6 Rd7 51. Rb8+ Rd8 52. Rxd8+ Qxd8 53. Qxe6+ Kf8 54. Qf6+ Kg8 55. Qe6+ Kf8 56. Kg3 Kg7 57. Bf1 h5 58. Qf6+ Kh7 59. Bc4 Qe8 60. Bb5 Qd8 61. Qf7+ Kh8 62. Be8 Qd2 63. Qf6+ Kg8 64. Bf7+ Kh7 65. Bxg6+ Nxg6 66. Qf7+ Kh8 67. Qf6+ Kh7 68. Qf7+ Kh8 1/2-1/2

[Event "Quebec op U2300"]
[Site "Montreal CAN"]
[Date "2007.07.27"]
[Round "8"]
[White "Caire, Francois"]
[Black "Lemieux, Pierre"]
[Result "1-0"]
[WhiteElo "2275"]
[BlackElo "1927"]
[PlyCount "63"]
[GameId "2160767910576393"]
[EventDate "2007.07.20"]
[EventType "swiss"]
[EventRounds "9"]
[EventCountry "CAN"]
[SourceTitle "EXT 2022"]
[Source "ChessBase"]
[SourceDate "2021.10.06"]
[SourceVersion "1"]
[SourceVersionDate "2021.10.06"]
[SourceQuality "1"]

1. Nf3 Nf6 2. g3 g6 3. Bg2 Bg7 4. O-O d6 5. d4 O-O 6. c4 c6 7. Nc3 Nbd7 8. e4 e5 9. h3 Re8 10. Be3 a6 11. Qc2 b5 12. cxb5 cxb5 13. a3 Bb7 14. dxe5 dxe5 15. Nd2 Rc8 16. Rfd1 Qe7 17. Nb3 Qe6 18. Na5 Ba8 19. Rac1 Bf8 20. b4 Nb6 21. f3 Na4 22. Qd2 Nxc3 23. Rxc3 Rxc3 24. Qxc3 Rc8 25. Qd2 h5 26. h4 Kh7 27. Kh2 Be7 28. Bh3 Ng4+ 29. fxg4 hxg4 30. Bg2 Rd8 31. Qe2 Rxd1 32. Qxd1 1-0